00610nam a22002057a 45000050016000000100014000160200023000300350013000530370013000660820013000791000016000922450073001082600049001812700053002303000025002835000019003086500028003276500027003556500022003822010080602282.0 aENG-98499 a8181500903c570.00 aEN-82032 bDABD/PUB a320.9546 aDhar, D. N. aKashmir's accession to India unravelling the truth /cby D. N. Dhar aNew DelhibAravali Books Internationalc2009 aW-30, Okhla Industrial Area, Phase-IIbNew Delhi axi, 317p.c25cm (Hb) aIncludes index aIndia-Jammu and Kashmir aInternational relation aPolitical science